The passage : (Record no. 10107)
[ view plain ]
| 000 -LEADER | |
|---|---|
| fixed length control field | 00977nam a22002777a 4500 |
| 003 - CONTROL NUMBER IDENTIFIER | |
| control field | OSt |
| 005 - DATE AND TIME OF LATEST TRANSACTION | |
| control field | 20260428120834.0 |
| 008 - FIXED-LENGTH DATA ELEMENTS--GENERAL INFORMATION | |
| fixed length control field | 260428b |||||||| |||| 00| 0 eng d |
| 010 ## - LIBRARY OF CONGRESS CONTROL NUMBER | |
| LC control number | 2010007455 |
| 020 ## - INTERNATIONAL STANDARD BOOK NUMBER | |
| International Standard Book Number | 9780345504975 |
| 020 ## - INTERNATIONAL STANDARD BOOK NUMBER | |
| International Standard Book Number | 9780345516862 |
| Qualifying information | (eBook) |
| 040 ## - CATALOGING SOURCE | |
| Language of cataloging | eng. |
| Transcribing agency | BALLANTINE BOOKS |
| 050 ## - LIBRARY OF CONGRESS CALL NUMBER | |
| Classification number | PS 3553 |
| Item number | .R542 2010 |
| 100 ## - MAIN ENTRY--PERSONAL NAME | |
| Personal name | Cronin, Justin, |
| Dates associated with a name | 1962- |
| 245 ## - TITLE STATEMENT | |
| Title | The passage : |
| Remainder of title | a novel / |
| Statement of responsibility, etc. | Justin Cronin. |
| 250 ## - EDITION STATEMENT | |
| Edition statement | 1ST ED. |
| 260 ## - PUBLICATION, DISTRIBUTION, ETC. | |
| Place of publication, distribution, etc. | New York : |
| Name of publisher, distributor, etc. | Ballantine Books, |
| Date of publication, distribution, etc. | 2010. |
| 300 ## - PHYSICAL DESCRIPTION | |
| Extent | 784 pages ; |
| Other physical details | maps ; |
| Dimensions | 25 cm |
| 500 ## - GENERAL NOTE | |
| General note | "A Ballantine books hardcover"--T.p. verso. |
| 520 ## - SUMMARY, ETC. | |
| Summary, etc. | A government experiment unleashes a viral apocalypse, transforming humans into vampiric beings, while a young girl may hold the key to humanity's survival.<br/> |
| 650 ## - SUBJECT ADDED ENTRY--TOPICAL TERM | |
| Topical term or geographic name entry element | Virus diseases |
| Form subdivision | Fiction |
| 650 ## - SUBJECT ADDED ENTRY--TOPICAL TERM | |
| Topical term or geographic name entry element | Vampires |
| Form subdivision | Fiction |
| 650 ## - SUBJECT ADDED ENTRY--TOPICAL TERM | |
| Topical term or geographic name entry element | human experimentation in medicine |
| Form subdivision | Fiction |
| 650 ## - SUBJECT ADDED ENTRY--TOPICAL TERM | |
| Topical term or geographic name entry element | Science fiction. |
| 942 ## - ADDED ENTRY ELEMENTS (KOHA) | |
| Source of classification or shelving scheme | Library of Congress Classification |
| Koha item type | Books |
| Edition | 1st ed. |
| Suppress in OPAC | No |
| Withdrawn status | Lost status | Source of classification or shelving scheme | Damaged status | Not for loan | Home library | Current library | Date acquired | Total checkouts | Full call number | Barcode | Date last seen | Price effective from | Koha item type |
|---|---|---|---|---|---|---|---|---|---|---|---|---|---|
| Library of Congress Classification | PIU Library | PIU Library | 04/28/2026 | PS 3553 .R542 2010 | PIUDLMUR1103 | 04/28/2026 | 04/28/2026 | Books |